Municipal corporation boundaries (Ireland) (Record no. 104203)

MARC details
000 -LEADER
fixed length control field 00338cam a2200133 4500
001 - CONTROL NUMBER
control field L129469
008 - FIXED-LENGTH DATA ELEMENTS--GENERAL INFORMATION
fixed length control field 050420n1837 000 0 eng u
035 ## - SYSTEM CONTROL NUMBER
System control number (Sirsi) u129469
110 ## - MAIN ENTRY--CORPORATE NAME
Corporate name or jurisdiction name as entry element Lord Lieutenant of Ireland
9 (RLIN) 4694
245 ## - TITLE STATEMENT
Title Municipal corporation boundaries (Ireland)
260 ## - PUBLICATION, DISTRIBUTION, ETC.
Date of publication, distribution, etc. 1837
300 ## - PHYSICAL DESCRIPTION
Extent 160p.
Dimensions 36cm.
942 ## - ADDED ENTRY ELEMENTS (KOHA)
Suppress in OPAC 0
Holdings
Withdrawn status Lost status Source of classification or shelving scheme Damaged status Not for loan Home library Current library Shelving location Date acquired Total Checkouts Full call number Barcode Date last seen Copy number Price effective from Koha item type
    Dewey Decimal Classification     London London Historic collection 20/04/2005   OFFICE (FOLIO) 129469-1001 06/08/2019 1 06/08/2019 Reference material